000 00429nam a2200133Ia 4500
008 170516s9999 xx 000 0 und d
245 _aParthenolide Inhibits Cancer Stem-Like Side Population of Nasopharyngeal Carcinoma Cells via Suppression of the NF-κB/COX-2 Pathway
260 _bTheranostics
260 _c2015
300 _a5:3
650 _xMedical Technology
650 _xMedtech
856 _uhttp://www.thno.org/v5i3
999 _c330603
_d330603